Quizzes
Events
Quiz Creation
Community
Videos
Private Events
Remove Ads
Sign In
Join for FREE
Feedback
Dark Mode
Quiz Categories
Sports
Geography
Music
Movies
Television
Just For Fun
Miscellaneous
History
Literature
Language
Science
Gaming
Entertainment
Religion
Holiday
For Kids
Quiz Lab
Recent
Popular Today
Quiz Kudos Today
Editor Picks
Curator Picks
Quizzes by...
Day
Popularity
Type
Ratings
Length
Year
Community
Subscriptions
Recent Discussions
Orange Saloon
Badges
Playlists
Quests
Create
Leaderboards
Showdown
Live 5
Trivia Bingo
Activity
Puzzle Library
Sporcle Events
Private Events
Virtual Trivia
Globe League
Become a Host
Pub Owners
SporcleCon
Opinionation
Our Games
Videos
Blog
Mobile Apps
Partnerships
Remove Ads and Go Orange
Feedback
Television
TV Characters
TV Show
Sitcom
Network
Friends
Reality Shows
Cast
South Park
Star Trek
The Simpsons
Doctor Who
Television
TV Characters
TV Show
Sitcom
Network
Friends
Reality Shows
Cast
South Park
Star Trek
The Simpsons
Doctor Who
Random Quiz
Search Sporcle
×
Quiz Lab
Quiz Lab
Television
Walsh
Type in answers that appear in a list
Type in answers that appear in a list
Classic
Best Score? Go Orange.
The Walking Dead Andrea Special Stats
Can you name the Walking Dead's all Andrea questions special?
By
jujustifler
5m
30 Questions
702 Plays
702 Plays
702 Plays
Comments
Comments
Give Quiz Kudos
Give Quiz Kudos
-
- Ratings
hide this ad
More Info
Replay
Link that replays current quiz
Next Quiz
Link to next quiz in quiz playlist
You Got
0%
They Got
Avg Score
66%
Avg Friend Score
Upgrade to see
Score Distribution
Jump to the score distribution portion of the page
Score
0/30
Timer
05:00
0
Plays Today
Question
Answer
% Correct
Who helped her and her sister escape Atlanta?
Dale
94.4%
Who convinces her to leave the CDC?
Dale
94.4%
Who dies in Andrea's arms?
Amy
90.9%
Who taught her how to fish?
her father
88%
Who teaches her how to shot better?
Shane
85.3%
Who saves Andrea in the woods?
Michonne
83.8%
What does she want to give Amy for her birthday?
a mermaid necklace
82.2%
Who gave her the gun she has?
her father
79.2%
Who does she pick a fight with there?
Ed
78.9%
Who does she fall in love with?
The Governor
78.8%
Where does she hide on the highway, when they cross paths with a herd of walkers?
RV bathroom
77.4%
How many years is she older than her sister?
12
74.5%
What was Andrea's job pre-
apocalypse?
Civil Rights Lawyer
73.9%
Who finds her near the helicopter crash?
Merle
73.2%
What does Andrea drink at the CDC?
wine
71.4%
Question
Answer
% Correct
Who does she fights with in the kitchen?
Lori
71.1%
With what does she kill the walker that attacks her?
a screwdriver
69.2%
Where does he take her?
Woodbury
68.8%
Who does she save when the farm is overrun by walkers?
Carol
66.7%
How old is Andrea?
36
66%
Who saves Andrea in the woods when she is attacked by a walker?
Maggie
65.4%
Why does she go into the woods with Daryl?
to look for Sophia
62.5%
What is the last thing she says to that person?
I love you
61.4%
Why does she shot Daryl in the head?
she thought he was a walker
60.3%
What is she doing by the lake with Amy, Jacqui and Carol?
laundry
56.8%
Where did Andrea live before the outbreak?
Florida
39.7%
Who does she spots in the smoke when the town is attacked?
Oscar
32.6%
'I don’t know if I want to live… or if I have to or if it’s just a
'I don’t know if I want to live… or if I have to or if it’s just a habit.'
21.2%
What kind of bait does she uses?
dry
14.8%
What does she uses to kill Annette Greene?
a scythe
11.8%
Quiz Playlist
Details
Report
Send in Message
Add To Playlist
More Info:
Andrea Special Questions Time!
Classic:
Type in answers that appear in a list
Last Updated: Feb 16, 2017
Quiz Scoreboard
CHALLENGE
Sign Up to Join the Scoreboard
Show All
Scores
Hide
Comments
May contain spoilers
Recently Published
9x9 Crossword: Cartoon Network
by jackfrog10
Miscellaneous
3m
College Basketball Coaching Resumes
by pancakes188
Sports
9m
Billboard Blitz: Fleetwood Mac
by CooCooCachoo
Music
15s
More to Explore
Quiz From the Vault
Featured Blog Post
Where Did the Easter Bunny Come From?
hide this ad
You Might Also Like...
Tags
amc
death
glenn
rick
shane
The Walking Dead
Walking
Walsh
Zombie Movie
Zombies
Today's Top Quizzes in Television
Browse Television
hide this ad
Top Contributed Quizzes in Television
1
5-to-1: The Simpsons Families
2
5-to-1: Television Doctors
3
7-to-1: TV Show Settings
4
Adjectives in 00s TV Shows
5
Adjectives in 80s TV Shows
6
5-to-1: Streaming Originals
7
Adjectives in 10s TV Shows
8
Survivor Seasons
9
One Piece Logic Puzzle
10
All US Survivor Seasons in Order
Explore More
Trending Topics
NBA
Harry Potter
Anime
Marvel
Kpop
Crossword
Disney
The Office
WWE
Pokémon
Song
Soccer
Country
NFL
Puzzle
hide this ad
More By:
jujustifler
Quiz
Plays
Rating
Category
Featured
Created
The Walking Dead: Daryl Dixon Special
4,829
3.41
Television
Jan 4, 2013
The Walking Dead Quotes Special
3,229
4.33
Television
Feb 11, 2013
The Walking Dead Shane Walsh Special
1,883
2.25
Television
Jan 27, 2013
The Walking Dead Rick Grimes Special
1,468
3.25
Television
Jan 4, 2013
The Walking Dead Glenn Rhee Special
1,002
3.50
Television
Jan 4, 2013
Go to Creator's Profile
Score Distribution
Quiz Creator Spotlight
jujustifler
Follow
Send a Message
Quizzes Created
-
Created Quiz Play Count
-
More By This Creator
Popular Quizzes Today
1
Find the US States - No Outlines Minefield
2
Find the Countries of Europe - No Outlines Minefield
3
The Countries of the World
4
Find the US States
5
Risky Map Clicking: Biggest States A-Z
6
US States
7
Popular People in 1961
8
Movies - When Are They Set?
More Television Quizzes
TV Opening Themes by Clip II
Published
Trending Quizzes
Risky Map Clicking: Least Populous States A-Z
1-10 Letter G Words
1-10 Letter F Words
Risky Map Clicking: Next State Alphabetically
Adjectives in 80s TV Shows
Recently Updated
Leaping Animals
pecheneg
Reality TV Shows (A-Z)
bhenderson79
Rickey Henderson's Hall of Fame Teammates
pecheneg
Champions League XIs: Arsenal
pecheneg
Quick Pick: Celebrities in WWE's Hall of Fame
aduchscher
A-Z Keypad Blitz II
pecheneg
Multiple Oscar Actors
pecheneg
Mystery Phrase Blitz: Oscar 'Best Actors'
pecheneg
F. Scott Fitzgerald Novels
LTH
Pick 3 Villains
ddd62291
Trending Topics
Anime
Kpop
NBA
Disney
Harry Potter
Marvel
Crossword
Pokémon
Soccer
Puzzle
Song
WWE
The Office
Country
NFL
Your Account Isn't Verified!
In order to create a playlist on Sporcle, you need to verify the email address you used during registration. Go to your
Sporcle Settings
to finish the process.
Report this User
Report this user for behavior that violates our
Community Guidelines
.
Details:
Send Report
Go to the Sporcle.com Mobile Site →
Comments